000 00975nam a2200301Ia 4500
001 Para_1597
003 CHAP
008 220125s1990 xx 000 0 und d
010 _a204476
040 _cCHAP
082 _aPA 634.61 R6
100 _aRobert Díaz, Manuel L., comp.
_9170429
245 _aLa problemática del amarillamiento letal del cocotero en México /
_c com. por Manuel L. Robert Díaz y Daniel Zizumbo Villareal
260 _aProgresos, Yuc. :
_b Centro de Investigación Científica de Yucatán
300 _a197 p.
650 _aAmarillamiento letal del cocotero
_9164389
650 _aCoco
_x enfermedades
_924241
650 _aCoco
_x México
_924260
650 _aCoco
_x propagación
_924263
700 _aZizumbo Villareal, Daniel
_9170430
901 _aPA 634.61 R6
902 _aA
905 _a0000001990 a 0000000000 00
910 _a1990
942 _cPARA
942 _cPARA
_d1
999 _c204476
_d204476